|
|
|
|
| LEADER |
00000nab a2200000 a 4500 |
| 001 |
vtls008855145 |
| 003 |
SK-MaSNL |
| 005 |
20260304134728.0 |
| 008 |
250505c2006 xo |||| |o| 000 b|slo |
| 015 |
|
|
|a SNBRB2006/10
|2 snkbucl
|
| 035 |
|
|
|a urn:nbn:sk:snk-ab7xd6
|
| 035 |
|
|
|a (urnnbn)urn:nbn:sk:snk:ar-004snd
|
| 035 |
|
|
|a (uuid)1fc94b87-10ab-4c98-b73b-18bad97d78b6
|
| 038 |
|
|
|a SNKBUCL
|
| 040 |
|
|
|a SNKBUCL
|b slo
|c SNKBUCL
|e AACR2
|
| 041 |
0 |
|
|a slo
|
| 044 |
|
|
|a xo
|c SK
|
| 080 |
|
|
|a 94(437)-051
|x (048)
|2 1997
|
| 080 |
|
|
|a 94(437.1/.2)-051
|x "18/19"
|x (048)
|2 1997
|
| 080 |
|
|
|a 32-051
|x (048)
|2 1997
|
| 080 |
|
|
|a 930.25
|x (048)
|2 1997
|
| 100 |
1 |
|
|a Holák, Martin,
|d 1975-
|4 aut
|9 105621
|
| 245 |
1 |
0 |
|a Korespondence T. G. Masaryk - Karel Kramář ...
|c M. Holák
|
| 600 |
1 |
7 |
|a Masaryk, Tomáš Garrigue,
|d 1850-1937
|2 snkbucl
|2 snkbucl
|9 98178
|
| 600 |
1 |
7 |
|a Kramář, Karel,
|d 1860-1937
|2 snkbucl
|9 157014
|
| 650 |
0 |
7 |
|a korešpondencia
|2 snkbucl
|9 645
|
| 655 |
|
7 |
|a recenzie
|2 snkbucl
|9 21907
|
| 773 |
0 |
|
|t Historický časopis
|g Roč. 54, č. 2 (2006), s. 377-378
|x 0018-2575
|
| 787 |
0 |
8 |
|i Rec.:
|t Korespondence T. G. Masaryk - Karel Kramář
|d Praha : Masarykův ústav AV ČR, 2005
|z 8086495337
|
| 850 |
|
|
|a Slovenská národná knižnica
|
| 852 |
|
|
|a Slovenská národná knižnica
|
| 954 |
|
|
|a odborná, vedecká literatúra pôvodná (slovenská)
|2 lita
|
| 958 |
|
|
|a article9
|
| 958 |
|
|
|a OND
|
| 958 |
|
|
|a RC
|
| 958 |
|
|
|a CZ
|
| 958 |
|
|
|a EUIPO
|
| 999 |
|
|
|c 2907930
|d 2909860
|